The great puppy invasion / Alastair Heim ; illustrated by Kim Smith.
What's a town to do when hundreds of adorable, wriggling puppies invade? Especially a place like Strictville, where no one has ever seen puppies before. And cuteness, fun, and playing are against the rules! The townspeople don't know what to do. Luckily there is one boy brave enough to face the delightful doggies. Will he be okay? Will the town be okay? Find out in this hilarious, satisfying story about trying new things and the magic of puppies.
Record details
- ISBN: 9780544999176
- ISBN: 0544999177
- Physical Description: 1 volume (unpaged) : color illustrations ; 25 cm.
- Publisher: Boston ; Clarion Books, Houghton Mifflin Harcourt, ©2017.
Search for related items by subject
| Subject: | Dogs > Juvenile fiction. Puppies > Juvenile fiction. City and town life > Juvenile fiction. Animals > Infancy > Fiction. |
| Genre: | Humorous fiction. |
Available copies
- 1 of 1 copy available at scottsboropl.
Holds
- 0 current holds with 1 total copy.
Show Only Available Copies
| Location | Call Number / Copy Notes | Barcode | Shelving Location | Status | Due Date |
|---|---|---|---|---|---|
| scottsboropl | E Hei | 32269001038143 | Juvenile - Easy | Available | - |
| LDR | 01733nam a2200373 i 4500 | ||
|---|---|---|---|
| 001 | 145119 | ||
| 003 | CONS | ||
| 005 | 20180118082856.0 | ||
| 008 | 161215s2017 maua b 000 1 eng | ||
| 010 | . | ‡a 2016030315 | |
| 020 | . | ‡a9780544999176 ‡q(hardcover) | |
| 020 | . | ‡a0544999177 ‡q(hardcover) | |
| 035 | . | ‡a(CPomAG)LMN603211 | |
| 042 | . | ‡apcc ‡alcac | |
| 050 | 0 | 0. | ‡aPZ7.1.H4448 ‡bGre 2017 |
| 082 | 0 | 0. | ‡a[E] ‡223 |
| 100 | 1 | . | ‡aHeim, Alastair, ‡eauthor. |
| 245 | 1 | 4. | ‡aThe great puppy invasion / ‡cAlastair Heim ; illustrated by Kim Smith. |
| 264 | 1. | ‡aBoston ; ‡aNew York : ‡bClarion Books, Houghton Mifflin Harcourt, ‡c©2017. | |
| 300 | . | ‡a1 volume (unpaged) : ‡bcolor illustrations ; ‡c25 cm. | |
| 336 | . | ‡atext ‡btxt ‡2rdacontent | |
| 336 | . | ‡astill image ‡bsti ‡2rdacontent | |
| 337 | . | ‡aunmediated ‡bn ‡2rdamedia | |
| 338 | . | ‡avolume ‡bnc ‡2rdacarrier | |
| 520 | . | ‡aWhat's a town to do when hundreds of adorable, wriggling puppies invade? Especially a place like Strictville, where no one has ever seen puppies before. And cuteness, fun, and playing are against the rules! The townspeople don't know what to do. Luckily there is one boy brave enough to face the delightful doggies. Will he be okay? Will the town be okay? Find out in this hilarious, satisfying story about trying new things and the magic of puppies. | |
| 650 | 0. | ‡aDogs ‡vJuvenile fiction. | |
| 650 | 0. | ‡aPuppies ‡vJuvenile fiction. | |
| 650 | 0. | ‡aCity and town life ‡vJuvenile fiction. | |
| 650 | 1. | ‡aAnimals ‡xInfancy ‡vFiction. | |
| 655 | 7. | ‡aHumorous fiction. ‡2lcgft | |
| 700 | 1 | . | ‡aSmith, Kim, ‡d1986- ‡eillustrator. |
| 914 | . | ‡aSCP_kt | |
| 959 | . | ‡i32269001038143 ‡lE Hei ‡aJuvenile - Easy ‡tEasy ‡g17.00 | |
| 852 | . | ‡p32269001038143 ‡jE Hei ‡gJuvenile - Easy ‡cEasy ‡y17.00 ‡bSBPL | |
| 901 | . | ‡a145119 ‡bUnknown ‡c145119 ‡tbiblio | |